000 00484nam a2200121Ia 4500
008 160712s9999 xx 000 0 und d
100 _aBorja, Daniel Vincent H.
245 _cDaniel Vincent H. Borja
_aEffect of Auditor Choice and Tenure on the Cost of Equity Capital of Selected Listed Firms in the Philippines
260 _c2015
_bPhilippine Management Review
300 _avol. 22
650 _xMANAGEMENT
856 _uhttp://journals.upd.edu.ph/index.php/pmr/issue/view/476/showToc
999 _c297084
_d297084